000 01476njm a22002657a 4500
005 20100906134724.0
007 sd ammalaaahaa
008 100906t xxu||||| |||| 00| 0 hin d
028 _aN. 53394
_bHis Master's Voice
035 _aGR-689
040 _aSED/VEN
100 _aMohd. Rafi
_918572
245 _aBarsat ki raat :
_bHindustani /
_cby Mohd. Rafi ; music Roshan ; lyric by Sahir
_h[sound recording] :
246 _aबरसात की रात (मोहमद रफ़ी )
260 _aDum Dum India
_bHis Master's Voice
300 _a1 sound disc [Gramophone record] :
_banalog, 33 1/3 rpm
_fGramophone Record
_c10 in.
500 _aBrief Record
505 _aNahin bhulegi barsat ki raat - barsat ki raat part 1 (Barsat ki raat) (Mohd. Rafi) नहीं भूलेगी बरसात की रात -बरसात की रात पार्ट 1 (बरसात की रात ) (मोहमद रफ़ी ) Mujhe mil gya bahana - barsat ki raat part 2 (Barsat ki Raat) (Lata Mangeshkar) तुझे मिल गया बहाना -बरसात की रात पार्ट २ (बरसात की रात ) (लता मंगेशकर )
650 _aClassical Music
_xExcerpts
_zIndia
_918573
700 _aRoshan
_918575
700 _aSahir
_918576
700 _918577
942 _2ddc
_cGR
999 _c44061
_d44061